00345nam a2200133 a 45000010010000000030011000100080041000210350026000620820014000881000022001022450025001242600048001496500014001970000-9314ELIB.Books110520 1943  a(ELIB.Books)0000-9466 a251 bVer aVersteeg, John M. aWhen Christ Controls bNashville: Abingdon- Cokesbury Press c1943 aPreaching